| 000 | 00509nam a2200181Ia 4500 | ||
|---|---|---|---|
| 008 | 240925s9999 xx 000 0 und d | ||
| 020 | _a70482977 | ||
| 082 | _a003.54 BOS | ||
| 100 | _aBose, Ranjan | ||
| 245 | 0 | _aInformation Theory Coding and Cryptography | |
| 250 | _aNA | ||
| 260 |
_aNew Delhi: _bTata McGraw Hill _c,2005. |
||
| 300 |
_axxviii,656p. _bN.A _fPhotocopy |
||
| 500 | _aIncludes Index | ||
| 600 | _aComputer Science | ||
| 650 | _aComputer science, information & general works | ||
| 942 | _cBK | ||
| 999 |
_c8944 _d8944 |
||